<?xml version="1.0" encoding="UTF-8"?>
<collection xmlns="http://www.loc.gov/MARC21/slim">
 <record>
  <leader>02595nam a2200301 a 4500</leader>
  <controlfield tag="001">1/44266</controlfield>
  <controlfield tag="008">140228s2002    us a          000 0 eng  </controlfield>
  <datafield tag="020" ind1=" " ind2=" ">
   <subfield code="a">9781928994565</subfield>
  </datafield>
  <datafield tag="020" ind1=" " ind2=" ">
   <subfield code="a">1928994563</subfield>
  </datafield>
  <datafield tag="035" ind1=" " ind2=" ">
   <subfield code="a">(OCoLC)162598401</subfield>
   <subfield code="l">47207</subfield>
  </datafield>
  <datafield tag="040" ind1=" " ind2=" ">
   <subfield code="a">OPELS</subfield>
   <subfield code="b">eng</subfield>
   <subfield code="c">OPELS</subfield>
   <subfield code="d">DEBBG</subfield>
   <subfield code="d">OCLCQ</subfield>
   <subfield code="d">OCLCF</subfield>
   <subfield code="d">GR-PeUP</subfield>
  </datafield>
  <datafield tag="100" ind1="1" ind2=" ">
   <subfield code="a">Milroy, Steve.</subfield>
  </datafield>
  <datafield tag="245" ind1="1" ind2="0">
   <subfield code="a">. Net mobile Web developers guide</subfield>
   <subfield code="h">[electronic resource] /</subfield>
   <subfield code="c">Steve Milroy ... [et al.].</subfield>
  </datafield>
  <datafield tag="260" ind1=" " ind2=" ">
   <subfield code="a">Rockland, Mass. :</subfield>
   <subfield code="b">Syngress Pub.,</subfield>
   <subfield code="c">c2002.</subfield>
  </datafield>
  <datafield tag="300" ind1=" " ind2=" ">
   <subfield code="a">1 online resource (xxiv, 407 p.) :</subfield>
   <subfield code="b">ill.</subfield>
  </datafield>
  <datafield tag="520" ind1=" " ind2=" ">
   <subfield code="a">Introducing Microsoft's flagship wireless development tool The .NET Mobile Web Developer's Guide will provide readers with a solid guide to developing mobile applications using Microsoft technologies. The focus of this book is on using ASP.NET and the .NET mobile SDK. It provides an introduction to the .NET platform and goes into moderate details on ASP.NET to allow readers to start developing ASP.NET applications. In addition, this book will give the readers the insight to use the various Microsoft technologies for developing mobile applications. This book assumes the readers have experience in developing web applications and are familiar with any one of the server-side technologies like ASP, JSP or PHP. The first book available on Microsoft's cornerstone wireless development tool Best selling, high profile authors. Wei Meng Lee and Shelley Powers are frequent speakers at all of the major developer conferences have previously authored best selling books for O'Reilly &amp; Associates, Wrox Press, SAMS and Que Comes with wallet-sized CD containing a printable HTML version of the book, all of the source code examples and demos of popular ASP .NET and .NET Mobile programming tools Comprehensive Coverage of the .NET Mobile SDK and ASP.NET for Mobile Web developers.</subfield>
  </datafield>
  <datafield tag="520" ind1=" " ind2=" ">
   <subfield code="a">&quot;With a focus on using ASP. NET and the . NET Mobile Internet Toolkit, . NET Mobile Web Developer's Guide will give you the insight to use Microsoft technologies for developing mobile applications&quot;--P. [4] of cover.</subfield>
  </datafield>
  <datafield tag="500" ind1=" " ind2=" ">
   <subfield code="a">Includes index.</subfield>
  </datafield>
  <datafield tag="650" ind1=" " ind2="4">
   <subfield code="a">Mobile computing.</subfield>
  </datafield>
  <datafield tag="650" ind1=" " ind2="4">
   <subfield code="a">Microsoft .NET Framework.</subfield>
  </datafield>
  <datafield tag="650" ind1=" " ind2="4">
   <subfield code="a">Internet programming.</subfield>
  </datafield>
  <datafield tag="650" ind1=" " ind2="4">
   <subfield code="a">Wireless communication systems.</subfield>
  </datafield>
  <datafield tag="650" ind1=" " ind2="4">
   <subfield code="a">Application software</subfield>
   <subfield code="x">Development.</subfield>
  </datafield>
  <datafield tag="655" ind1=" " ind2="4">
   <subfield code="a">Electronic books.</subfield>
  </datafield>
  <datafield tag="852" ind1=" " ind2=" ">
   <subfield code="a">INST</subfield>
   <subfield code="b">UNIPILB</subfield>
   <subfield code="c">EBOOKS</subfield>
   <subfield code="e">20140306</subfield>
   <subfield code="p">00b47207</subfield>
   <subfield code="q">00b47207</subfield>
   <subfield code="t">ONLINE</subfield>
   <subfield code="y">0</subfield>
  </datafield>
  <datafield tag="856" ind1="4" ind2="0">
   <subfield code="3">ScienceDirect</subfield>
   <subfield code="u">http://www.sciencedirect.com/science/book/9781928994565</subfield>
  </datafield>
  <datafield tag="856" ind1="4" ind2=" ">
   <subfield code="d">/webopac/covers/03/47207_9781928994565.jpg</subfield>
  </datafield>
  <datafield tag="856" ind1="4" ind2=" ">
   <subfield code="d">/webopac/covers/03/47207_1928994563.jpg</subfield>
  </datafield>
 </record>
</collection>
